| 000 | 00000nas 2200000za 4500 |
| 001 | 9.842836 |
| 003 | CaOODSP |
| 005 | 20221107152415 |
| 007 | cr ||||||||||| |
| 008 | 170831c20169999onc x m o f0 a0eng|d |
| 040 | |aCaOODSP|beng |
| 043 | |an-cn--- |
| 086 | 1 |aD97-2E-PDF |
| 130 | 0 |aExecutive series (Communications Security Establishment (Canada)) |
| 245 | 10|aExecutive series |h[electronic resource]. |
| 260 | |a[Ottawa] : |bCommunications Security Establishment = Centre de la sécurité des télécommunications, |c[2016]- |
| 310 | |aIrregular |
| 362 | 1 |aBegan with: ITSE.80.001 (June 2016). |
| 500 | |aIssued also in French under title: Série hauts dirigeants. |
| 692 | 07|2gccst|aCommunications |
| 692 | 07|2gccst|aFederal government |
| 692 | 07|2gccst|aSecurity |
| 710 | 2 |aCommunications Security Establishment (Canada) |
| 775 | 08|tSérie hauts dirigeants |w(CaOODSP)9.842837 |